000 00567nam a2200205Ia 4500
003 OSt
005 20230607151933.0
008 210423s2011 xx 000 0 und d
020 _a9788120319141
040 _cAL
041 _aeng
082 _a658.477 SAHD
100 _aSAHNI (Pardeep);others.
_9121717
245 _aDisaster mitigation :experiences and reflections.
260 _aNew Delhi
_bPHI Learning Pvt Ltd
_c2011
300 _axvii,214
_bPB
365 _b250
_cINR
906 _a:experiences ; Disaster ; mitigation ; reflections.
942 _2ddc
_cBK
999 _c176246
_d176246